000 00732nam a2200265Ia 4500
001 45280
005 20240114003705.0
007 ta
008 090309s1996 a g b000 u 465 u
020 _a81-85137-22-6
040 _aCotton College,Assam
041 _a465
082 _a560
_bDa 19 In
100 _aDanino , Michel .
245 0 _aThe invasion that Never Was /
_cMichel Danino & Sujata Nahar.
_hTextual Documents
250 _a1st ed /
260 _aDelhi :
_bThe Mother`s Institute of Research ,
_c1996.
300 _a127p. :
_bill ;
_c19 cm .
653 _aPalaeontology
653 _aG-Palaeontology
700 _aNahar, Sujata .
942 _2ddc
_cBK
999 _c45245
_d45245